In quest of peace and security; (Record no. 90042)

MARC details
000 -LEADER
fixed length control field 00883cam a22002531 4500
001 - CONTROL NUMBER
control field sd 51000066
003 - CONTROL NUMBER IDENTIFIER
control field DLC
005 - DATE AND TIME OF LATEST TRANSACTION
control field 20260227112736.0
008 - FIXED-LENGTH DATA ELEMENTS--GENERAL INFORMATION
fixed length control field 721019s1951 dcu 000 0 eng
010 ## - LIBRARY OF CONGRESS CONTROL NUMBER
LC control number sd 51000066
035 ## - SYSTEM CONTROL NUMBER
System control number (OCoLC)466267
040 ## - CATALOGING SOURCE
Original cataloging agency DLC
Transcribing agency NhD
Modifying agency OTU-L
-- OCoLC
-- MnU
-- DLC
042 ## - AUTHENTICATION CODE
Authentication code premarc
043 ## - GEOGRAPHIC AREA CODE
Geographic area code n-us---
050 00 - LIBRARY OF CONGRESS CALL NUMBER
Classification number E744
Item number .U482
110 1# - MAIN ENTRY--CORPORATE NAME
Corporate name or jurisdiction name as entry element United States.
Subordinate unit Department of State.
-- Office of Public Affairs.
245 10 - TITLE STATEMENT
Title In quest of peace and security;
Remainder of title selected documents on American foreign policy, 1941-1951.
260 ## - PUBLICATION, DISTRIBUTION, ETC.
Place of publication, distribution, etc. [Washington,
Name of publisher, distributor, etc. U.S. Govt. Print. Off.,
Date of publication, distribution, etc. 1951]
300 ## - PHYSICAL DESCRIPTION
Extent v, 119 p.
Dimensions 26 cm.
490 0# - SERIES STATEMENT
Series statement [United States] Dept. of State. Publication
Volume/sequential designation 4245
490 0# - SERIES STATEMENT
Series statement General foreign policy series,
Volume/sequential designation 53
651 #0 - SUBJECT ADDED ENTRY--GEOGRAPHIC NAME
Geographic name United States
General subdivision Foreign relations
Chronological subdivision 1933-1945.
651 #0 - SUBJECT ADDED ENTRY--GEOGRAPHIC NAME
Geographic name United States
General subdivision Foreign relations
Chronological subdivision 1945-1953.

No items available.

Powered by Koha